000 00641nam a22001817a 4500
005 20251108164134.0
008 250721s1996 xx 000 0 ara d
082 1 4 _a218,52/حلي
100 1 _aحليمة، عبد المنعم مصطفى
245 1 0 _aتنبيه الدعاة المعاصرين إلى الأسس و المبادىء التي تعين على وحدة المسلمين /
264 1 _aبيروت :
_bدار البيارق،
_c1996.
300 _a88ص
650 1 7 _aالدعوة الإسلامية
650 1 7 _aالوعظ و الإرشاد
650 1 7 _aالوحدة العربية
942 _2ddc
_cBK
999 _c4594
_d4594